Wastewater management for irrigation: (Record no. 8022)

MARC details
000 -LEADER
fixed length control field 00593nam a22002057a 4500
003 - CONTROL NUMBER IDENTIFIER
control field OSt
005 - DATE AND TIME OF LATEST TRANSACTION
control field 20220831114226.0
008 - FIXED-LENGTH DATA ELEMENTS--GENERAL INFORMATION
fixed length control field 220831b ||||| |||| 00| 0 eng d
020 ## - INTERNATIONAL STANDARD BOOK NUMBER
International Standard Book Number 9781771881203
040 ## - CATALOGING SOURCE
Transcribing agency ddc
082 ## - DEWEY DECIMAL CLASSIFICATION NUMBER
Classification number 363 WAS 2016
100 ## - MAIN ENTRY--PERSONAL NAME
Personal name Megh R. Goyal
9 (RLIN) 16314
245 ## - TITLE STATEMENT
Title Wastewater management for irrigation:
Remainder of title Principles and Practices.
260 ## - PUBLICATION, DISTRIBUTION, ETC. (IMPRINT)
Place of publication, distribution, etc. Oakvi:
Name of publisher, distributor, etc. Apple Academic Press;
Date of publication, distribution, etc. 2016,
300 ## - PHYSICAL DESCRIPTION
Extent vi,444p.:
Other physical details ill;
Dimensions 26cm.
504 ## - BIBLIOGRAPHY, ETC. NOTE
Bibliography, etc index included.
650 ## - SUBJECT ADDED ENTRY--TOPICAL TERM
Topical term or geographic name as entry element Water quality management.
9 (RLIN) 16315
650 ## - SUBJECT ADDED ENTRY--TOPICAL TERM
Topical term or geographic name as entry element Wastewater irrigation.
9 (RLIN) 16316
942 ## - ADDED ENTRY ELEMENTS (KOHA)
Source of classification or shelving scheme Dewey Decimal Classification
Koha item type Book
Holdings
Withdrawn status Lost status Source of classification or shelving scheme Damaged status Not for loan Home library Current library Date acquired Source of acquisition Inventory number Total Checkouts Full call number Barcode Date last seen Price effective from Koha item type
    Dewey Decimal Classification     Faculty of Interdisciplinary Studies Library MUST Main Library 31/08/2022 Purchase 22/41989   363 WAS 2016 2022-7972 31/08/2022 31/08/2022 Book